| 000 | 00406nam a2200181Ia 4500 | ||
|---|---|---|---|
| 003 | STCL | ||
| 008 | 230726s9999 xx 000 0 und d | ||
| 020 | _a9781529092271 | ||
| 040 |
_aSTCL _cSTCL _bEN |
||
| 082 | _222 | ||
| 100 | _aKlune, T J | ||
| 245 | 0 | _aUnder the whispering door | |
| 260 |
_bTor _aLondon _c2021 |
||
| 300 | _a376 p | ||
| 365 | _b599 | ||
| 546 | _aEnglish | ||
| 942 |
_2DDC _e22 _cBKDDC |
||
| 999 |
_c89479 _d89479 |
||